000 00815nam a2200253Ia 4500
003 OSt
005 20220926004524.0
006 a|||||r|||| 00| 0
007 ta
008 220923b |||||||| |||| 00| 0 eng d
020 _a9788131806032
_c1270.75
037 _b3897, 13/03/2014, Rajeshwar Book Pvt Ltd.
_cGeneral Book
040 _aRTL
_cRTL
_beng
041 _2eng
_aeng
082 _aY:11, Q0
100 _aLEMERT Charles
_923076
245 0 _aSocial theory
_b the multicultural and classic readings
250 _a4
260 _a New Delhi
_bRawat publications
_c2010
300 _axviii, 691p
_ccm.
500 _aAppendix: p 225-27; Bibliography: p 245-54
942 _hY:11, Q0
_cGB
_2CC
999 _c611454
_d611454